Central Library OPAC University of Rajshahi

Mysticism East and West : (Record no. 28881)

MARC details
000 -LEADER
fixed length control field 01180cam a2200337 a 4500
001 - CONTROL NUMBER
control field 28881
003 - CONTROL NUMBER IDENTIFIER
rucl marc code BD-RjUL
005 - DATE AND TIME OF LATEST TRANSACTION
control field 20211209051337.0
008 - FIXED-LENGTH DATA ELEMENTS--GENERAL INFORMATION
fixed length control field 140401r19571932nyu b 000 0 eng d
035 ## - SYSTEM CONTROL NUMBER
System control number (BD-RjUL)28965
040 ## - CATALOGING SOURCE
Original cataloging agency DLC
Transcribing agency DLC
Modifying agency DLC
-- BD-RjUL
Language of cataloging eng
041 1# - LANGUAGE CODE
Language code of text/sound track or separate title engger
082 00 - DEWEY DECIMAL CLASSIFICATION NUMBER
Classification number 291.42
Edition number 19
Author mark and year OTM 1957
100 1# - MAIN ENTRY--PERSONAL NAME
Personal name Otto, Rudolf,
Dates associated with a name 1869-1937.
9 (RLIN) 88283
245 10 - TITLE STATEMENT
Title Mysticism East and West :
Remainder of title a comparative analysis of the nature of mysticism /
Statement of responsibility, etc. Rudolf Otto.
250 ## - EDITION STATEMENT
Edition statement Living Age Ed.
260 ## - PUBLICATION, DISTRIBUTION, ETC. (IMPRINT)
Place of publication, distribution, etc. Wheaton, Ill., U.S.A. :
Name of publisher, distributor, etc. Thesophical Pub. House,
Date of publication, distribution, etc. c1932. [Reprinted 1957]
300 ## - PHYSICAL DESCRIPTION
Pagination ix, 262 p. ;
Size 17cm.
490 0# - SERIES STATEMENT
Series statement A Quest book
500 ## - GENERAL NOTE
General note Translation of: West-östliche Mystik. English
General note Reprint. Originally published: New York : Collier Books, 1962, c1960.
504 ## - BIBLIOGRAPHY, ETC. NOTE
Bibliography, etc Includes bibliographical references.
600 00 - SUBJECT ADDED ENTRY--PERSONAL NAME
Personal name Eckhart,
Titles and other words associated with a name Meister,
Dates associated with a name -1327.
Personal name Śaṅkarācārya.
650 #0 - SUBJECT ADDED ENTRY--TOPICAL TERM
Topical term or geographic name as entry element Mysticism
General subdivision Comparative studies.
9 (RLIN) 88286
Topical term or geographic name as entry element Philosophy and religion.
9 (RLIN) 2766
942 ## - ADDED ENTRY ELEMENTS (KOHA)
Source of classification or shelving scheme Dewey Decimal Classification
Koha item type Books
Holdings
Lost status Source of classification or shelving scheme Damaged status Not for loan Collection code Permanent Location Current Location Shelving location Date acquired Source of acquisition Total Checkouts Full call number Date last seen Copy number Koha item type Total Renewals Date checked out
  Dewey Decimal Classification   Added to bundle Non-fiction Central Library, University of Rajshahi Central Library, University of Rajshahi Reading Room 19/03/1957 World Agency Dhaka Gift   291.42 OTM 1957 01/04/2014 C-1 Books    
  Dewey Decimal Classification     Non-fiction Central Library, University of Rajshahi Central Library, University of Rajshahi   19/03/1959 World Publishing 1 291.42 OTM 1957 21/06/2016 C-2 Books 1 11/05/2016